000 01101cam a22002771i 4500
003 SA-RiAUC
005 20250720043828.0
008 250719s1986 le g b 00000dara c
040 _aSA-RiAUC
_bara
_cSA-RiAUC
_erda
082 0 4 _a258.7
_qSA-RiAUC
090 _a258.7
_bف ق هـ
245 0 0 _aفقه الإمام جابر بن زيد /
_cتقديم وجمع وتخريج يحيى محمد بكوش.
250 _aالطبعة الأولى.
264 1 _aبيروت :
_bدار الغرب الإسلامي،
_c1986.
300 _a729 صفحة ؛
_c28 سم
336 _aنص
_btxt
_2rdacontent
_3كتاب
337 _aبدون وسيط
_bn
_2rdamedia
338 _aمجلد
_bnc
_2rdacarrier
504 _aيشتمل على إرجاعات ببليوجرافية.
504 _aببليوجرافية : صفحة 705-715.
600 0 7 _aجابر بن زيد الأزدي البصري،
_d21-93 هجري
_2aucnm
650 7 _aفقه الزيدية
_2aucsh
700 1 _aبكوش، يحيى محمد،
_d1932-2014
_eمقدم.
942 _2ddc
_cBOOK
_n0
949 _aSA-JeALM
_d250719
_umohamedma123
_n1
999 _c10094
_d10094